<?xml version="1.0" encoding="UTF-8"?>
<record
    xmlns:xsi="http://www.w3.org/2001/XMLSchema-instance"
    xsi:schemaLocation="http://www.loc.gov/MARC21/slim http://www.loc.gov/standards/marcxml/schema/MARC21slim.xsd"
    xmlns="http://www.loc.gov/MARC21/slim">

  <leader>00537cam a2200193   4500</leader>
  <datafield tag="999" ind1=" " ind2=" ">
    <subfield code="c">4399</subfield>
    <subfield code="d">4399</subfield>
  </datafield>
  <controlfield tag="001">5241</controlfield>
  <controlfield tag="005">20190909110600.0</controlfield>
  <controlfield tag="008">190909b           ||||| |||| 00| 0 eng d</controlfield>
  <datafield tag="010" ind1=" " ind2=" ">
    <subfield code="a">  2003320414</subfield>
  </datafield>
  <datafield tag="020" ind1=" " ind2=" ">
    <subfield code="a">9993622095</subfield>
  </datafield>
  <datafield tag="245" ind1="0" ind2="0">
    <subfield code="a">&#xF62;&#xFAB;&#xF7C;&#xF44;&#xF0B;&#xF41;&#xF60;&#xF72;&#xF0B;&#xF5A;&#xF72;&#xF42;&#xF0B;&#xF58;&#xF5B;&#xF7C;&#xF51;&#xF0D;</subfield>
  </datafield>
  <datafield tag="246" ind1="3" ind2="1">
    <subfield code="a">Dzongkhai chigzho ja </subfield>
  </datafield>
  <datafield tag="250" ind1=" " ind2=" ">
    <subfield code="a">2005.</subfield>
  </datafield>
  <datafield tag="260" ind1=" " ind2=" ">
    <subfield code="a">Thimphu :</subfield>
    <subfield code="b">KMT Publishing House.</subfield>
    <subfield code="c">2005.</subfield>
  </datafield>
  <datafield tag="300" ind1=" " ind2=" ">
    <subfield code="a">1094 p. ;</subfield>
    <subfield code="c">25 cm.</subfield>
  </datafield>
  <datafield tag="546" ind1=" " ind2=" ">
    <subfield code="a">In Dzongkha.</subfield>
  </datafield>
  <datafield tag="650" ind1=" " ind2="0">
    <subfield code="a">Dzongkha language</subfield>
    <subfield code="v">Dictionaries.</subfield>
  </datafield>
  <datafield tag="942" ind1=" " ind2=" ">
    <subfield code="2">ddc</subfield>
    <subfield code="c">DZONGKHA</subfield>
  </datafield>
  <datafield tag="952" ind1=" " ind2=" ">
    <subfield code="0">0</subfield>
    <subfield code="1">0</subfield>
    <subfield code="2">ddc</subfield>
    <subfield code="4">0</subfield>
    <subfield code="7">0</subfield>
    <subfield code="8">DZONGKHA</subfield>
    <subfield code="a">RTCLIB</subfield>
    <subfield code="b">RTCLIB</subfield>
    <subfield code="c">DZONGKHA</subfield>
    <subfield code="d">2018-11-27</subfield>
    <subfield code="h"> </subfield>
    <subfield code="i">8528</subfield>
    <subfield code="l">5</subfield>
    <subfield code="o">495.43 THI</subfield>
    <subfield code="p">30008987</subfield>
    <subfield code="r">2022-01-12 00:00:00</subfield>
    <subfield code="s">2021-05-13</subfield>
    <subfield code="t">2</subfield>
    <subfield code="w">2018-11-27</subfield>
    <subfield code="y">DZONGKHA</subfield>
  </datafield>
  <datafield tag="952" ind1=" " ind2=" ">
    <subfield code="0">0</subfield>
    <subfield code="1">0</subfield>
    <subfield code="2">ddc</subfield>
    <subfield code="4">0</subfield>
    <subfield code="7">0</subfield>
    <subfield code="8">DZONGKHA</subfield>
    <subfield code="a">RTCLIB</subfield>
    <subfield code="b">RTCLIB</subfield>
    <subfield code="c">DZONGKHA</subfield>
    <subfield code="d">2018-11-27</subfield>
    <subfield code="h"> </subfield>
    <subfield code="i">8527</subfield>
    <subfield code="l">6</subfield>
    <subfield code="m">1</subfield>
    <subfield code="o">495.43 THI</subfield>
    <subfield code="p">30008955</subfield>
    <subfield code="r">2022-01-12 00:00:00</subfield>
    <subfield code="s">2021-05-01</subfield>
    <subfield code="t">1</subfield>
    <subfield code="w">2018-11-27</subfield>
    <subfield code="y">DZONGKHA</subfield>
  </datafield>
</record>
